[Event "XXIX Open"]
[Site "Barbera del Valles ESP"]
[Date "2006.07.05"]
[Round "1"]
[White "Alonso Moyano,J"]
[Black "Moreto Quintana,A"]
[Result "1-0"]
[WhiteElo "2364"]
[BlackElo "2133"]

1.e4 e6 2.d4 d5 3.Nd2 Be7 4.Ngf3 Nf6 5.e5 Nfd7 6.c4 dxc4 7.Bxc4 Nb6 8.Bb3 Na6
9.O-O c5 10.dxc5 Nxc5 11.Bc2 Bd7 12.Qe2 Ba4 13.b3 Bc6 14.Bb2 Nd5 15.Nd4 Bd7
16.f4 Nb4 17.Bb1 Nc6 18.N2f3 Qb6 19.Kh1 O-O-O 20.f5 Qa6 21.Qxa6 Nxa6 22.fxe6 fxe6
23.Bd3 Rdf8 24.Rfc1 Nc7 25.Be4 Nxd4 26.Bxd4 Rf4 27.Re1 Kb8 28.g3 Rf7 29.Kg2 Bb4
30.Rec1 Nb5 31.Bb2 Rhf8 32.a4 Nc7 33.Bd4 Bc6 34.Bxc6 bxc6 35.Rf1 c5 36.Bg1 h6
37.h4 Rf5 38.Rac1 Nd5 39.Rc4 Kb7 40.Rg4 R5f7 41.Rg6 Nc7 42.Nh2 Rxf1 43.Nxf1 Rf7
44.Ne3 Kc6 45.Rg4 Rd7 46.Kf3 Bc3 47.Nc4 Ne8 48.Ke4 Bd4 49.Be3 Bc3 50.Rg6 Nc7
51.h5 Bd4 52.Bd2 Ba1 53.Ba5 Rd4+ 54.Ke3 Nd5+ 55.Kf2 Rd3 56.Rxe6+ Kd7 57.Ra6 Ne7
58.Rd6+ Rxd6 59.exd6 Nf5 60.Bc7 Bd4+ 61.Kf3 Bf6 62.Kf4 Nd4 63.Na5 Ne6+ 64.Ke4 Bg5
65.Nc4 Bf6 66.Kd5 Nd4 67.Kxc5 Nxb3+ 68.Kb5 Bd4 69.a5 Nc5 70.a6 Ne4 71.Nb6+ Bxb6
72.Bxb6 Nxd6+ 73.Kb4 Ne4 74.Bxa7 Nxg3 75.Bf2 Kc6 76.Bxg3 Kb6 77.Be5  1-0

[Event "Trofeul Techirghiol"]
[Site "Techirghiol ROM"]
[Date "2006.07.06"]
[Round "6"]
[White "Constantin,F"]
[Black "Ionita,E"]
[Result "0-1"]
[WhiteElo "1967"]
[BlackElo "2024"]

1.e4 e6 2.d4 d5 3.Nd2 Nc6 4.c3 Nf6 5.e5 Nd7 6.Ngf3 f6 7.exf6 Qxf6 8.Bd3 Bd6
9.O-O O-O 10.Nb3 e5 11.dxe5 Ndxe5 12.Be2 Be6 13.Ng5 Rae8 14.Nxe6 Qxe6 15.Be3 a6
16.h3 Ng6 17.Nd4 Nxd4 18.Qxd4 c6 19.c4 Be5 20.Qb6 d4 21.Bg4 Qxc4 22.b3 Qb5
23.Qxb5 axb5 24.Bd2 Bd6 25.Rad1 Ne5 26.b4 Nxg4 27.hxg4 Re4 28.f3 Re2 29.Rfe1 Rfe8
30.Kf1 d3 31.Bc3 Bg3  0-1

[Event "ch-CHN w"]
[Site "Wuxi CHN"]
[Date "2006.07.06"]
[Round "11"]
[White "Wang Yu A"]
[Black "Gong Qianyun"]
[Result "1/2-1/2"]
[WhiteElo "2390"]
[BlackElo "2355"]

1.e4 e6 2.d4 d5 3.Nd2 a6 4.Ngf3 Nf6 5.Bd3 c5 6.dxc5 dxe4 7.Nxe4 Nxe4 8.Bxe4 Qxd1+
9.Kxd1 Bxc5 10.Ke2 f5 11.Bd3 Nc6 12.Bf4 Nd4+ 13.Nxd4 Bxd4 14.c3 Bf6 15.Bc4 g5
16.Bd6 Bd7 17.Rhe1 Rc8 18.Bb3 Kf7 19.a4 Kg6 20.Rad1 Rhe8 21.f3 e5 22.Kf2 e4
23.fxe4 fxe4 24.Bb4 Bc6 25.a5 Rcd8 26.Rxd8 Bxd8 27.Ke3 Re5 28.Rf1 Bxa5 29.Bf7+ Kg7
30.Bd6  1/2-1/2

[Event "Open"]
[Site "Albarino ESP"]
[Date "2006.07.07"]
[Round "5"]
[White "Espineira Gonzalez,D"]
[Black "Patino Romaris,J"]
[Result "1-0"]
[WhiteElo "2337"]
[BlackElo "2202"]

1.e4 e6 2.d4 d5 3.Nd2 Nc6 4.Ngf3 Nf6 5.e5 Nd7 6.Be2 f6 7.exf6 Qxf6 8.Nf1 Bd6
9.Ne3 O-O 10.O-O Qg6 11.c3 Nf6 12.Nh4 Qe8 13.f4 Ne7 14.g3 Bd7 15.Nf3 Nf5
16.Re1 Bb5 17.Nf1 c5 18.Ng5 cxd4 19.Nxe6 Qxe6 20.Bxb5 Qc8 21.cxd4 Nxd4 22.Bd3 Qh3
23.Be3 Nf5 24.Bxf5 Qxf5 25.Bd4 Ng4 26.Qb3 b6 27.Rad1 Rad8 28.Ne3 Nxe3 29.Bxe3 Bb8
30.Bd4 Bd6 31.Kg2 Rfe8 32.Rxe8+ Rxe8 33.Bf2 Bc5 34.Bxc5 Qe4+ 35.Kg1 bxc5
36.Qxd5+ Qxd5 37.Rxd5 Re2 38.Rxc5 Rxb2 39.Rc8+ Kf7 40.Rc7+ Kf6 41.Rxa7 h5
42.a4 g6 43.a5 Ra2 44.a6 Kf5 45.Kf1 Kg4 46.Ra8 Kf3 47.Ke1 Rxh2 48.Rg8 Ra2
49.Rxg6 Ra5 50.Kd2 h4 51.gxh4 Kxf4 52.Kc3 Ra1 53.Kb4 Kf5 54.Rg5+ Ke6 55.Ra5  1-0

[Event "21st North Sea Cup"]
[Site "Esbjerg DEN"]
[Date "2006.07.09"]
[Round "2"]
[White "Bonnelykke,O"]
[Black "Antonsen,M"]
[Result "0-1"]
[WhiteElo "2011"]
[BlackElo "2380"]

1.e4 e6 2.d4 d5 3.Nd2 Be7 4.Ngf3 Nf6 5.e5 Nfd7 6.c4 dxc4 7.Bxc4 c5 8.O-O cxd4
9.Ne4 Nc6 10.Bf4 O-O 11.Rc1 Nb6 12.Nd6 Nxe5 13.Bxe5 Bxd6 14.Qxd4 Bxe5 15.Qxe5 Bd7
16.Bd3 Bc6 17.Rfd1 Qf6 18.Qxf6 gxf6 19.Nd4 Bd5 20.b3 a6 21.Ne2 Rfd8 22.Nf4 Bc6
23.Nh5 f5 24.Be2 Kf8 25.Nf4 Ke7 26.Nd3 Rac8 27.Ne5 Bd5 28.Kf1 a5 29.g3 a4
30.bxa4 Nxa4 31.Bf3 Nc3 32.Rd3 Ne4 33.Rxc8 Rxc8 34.Bxe4 fxe4 35.Rd2 Ra8  0-1

[Event "ch-SVK"]
[Site "Banska Stiavnica SVK"]
[Date "2006.07.11"]
[Round "4"]
[White "Meszaros,Mi"]
[Black "Michalik,P"]
[Result "1-0"]
[WhiteElo "2420"]
[BlackElo "2330"]

1.e4 e6 2.d4 d5 3.Nd2 Nc6 4.c3 e5 5.exd5 Qxd5 6.Ngf3 exd4 7.Bc4 Qf5 8.O-O dxc3
9.Ne4 Nge7 10.Re1 c2 11.Qxc2 Be6 12.Bd3 Qh5 13.Bg5 h6 14.Ng3 Qg4 15.Re4 Qxe4
16.Bxe4 hxg5 17.Rd1 f6 18.Nd4 Nxd4 19.Rxd4 Rh4 20.Rd1 c6 21.Nf5 Nxf5 22.Bxf5 Bd5
23.Qe2+ Kd8 24.g3 Rb4 25.a3 Rb5 26.a4 Rb4 27.Be6 Kc7 28.Bxd5 cxd5 29.Qc2+ Rc4
30.Qb3 Rc8 31.Rxd5 Kb8 32.Rb5 R4c7 33.a5 a6 34.Rb6 Ka7 35.Re6 Bc5 36.Kg2 Ka8
37.Qd5 Kb8 38.Re4 Ba7 39.Qd6 Bc5 40.Qd3 Ba7 41.Re2 Bc5 42.Qb3 Ka7 43.Qa4 Bd6
44.Rd2 Be5 45.Qb3 Ka8 46.Qe6 Rc6 47.Qf5 Rc4 48.b3 R4c5 49.b4 Rc4 50.Rd5 Kb8
51.b5 axb5 52.Rxb5 Ka7 53.Qb1 R8c7 54.Rd5 R4c6 55.Qb4 Ra6 56.Qf8 Bc3 57.Qd8 Rac6
58.Qe8 Ra6 59.Qe3+ b6 60.axb6+ Rxb6 61.Rb5  1-0

[Event "GM Scheveningen"]
[Site "Taiyuan CHN"]
[Date "2006.07.13"]
[Round "4"]
[White "Timofeev,Arty"]
[Black "Zhang Pengxiang"]
[Result "1/2-1/2"]
[WhiteElo "2657"]
[BlackElo "2622"]

1.e4 e6 2.d4 d5 3.Nd2 Nc6 4.Ngf3 Nf6 5.e5 Nd7 6.Bd3 Nb4 7.Be2 c5 8.c3 Nc6
9.O-O a5 10.Bb5 Be7 11.Re1 Na7 12.Bf1 O-O 13.dxc5 Nc6 14.Nb3 a4 15.Nbd4 Nxc5
16.Be3 Bd7 17.c4 a3 18.cxd5 axb2 19.Rb1 exd5 20.Rxb2 Na5 21.Nd2 Rc8 22.Rb1 Nc6
23.N2f3 Re8 24.Rc1 Nxd4 25.Qxd4 Qa5 26.Qxd5 Be6 27.Qd2 Qxd2 28.Nxd2 Bxa2
29.Nc4 Bxc4 30.Bxc4 Red8 31.Rb1 Kf8 32.g3 Na4 33.Bf1 Rc7 34.Ra1 Nc5 35.Reb1 Nd7
36.Bg2 b6 37.h4 Re8 38.Bf4 Rc5 39.Re1 Rcc8 40.Bh3 Rcd8 41.Ra7 Nc5 42.Be3 Nd3
43.Rb1 Nxe5 44.Bxb6 Rb8 45.Raa1 Nf3+ 46.Kg2 Nd2 47.Rd1 Rxb6  1/2-1/2

[Event "Open A"]
[Site "Oberwart AUT"]
[Date "2006.07.15"]
[Round "8"]
[White "Takacs,G"]
[Black "Hochstrasser,M"]
[Result "1/2-1/2"]
[WhiteElo "2167"]
[BlackElo "2366"]

1.e4 e6 2.d4 d5 3.Nd2 Nc6 4.Ngf3 Nf6 5.e5 Nd7 6.Bd3 Nb4 7.Be2 c5 8.c3 Nc6
9.Bd3 Qb6 10.O-O g6 11.dxc5 Nxc5 12.Nb3 Nxd3 13.Qxd3 Bg7 14.Re1 O-O 15.Be3 Qc7
16.Bf4 f6 17.exf6 Qxf4 18.fxg7 Kxg7 19.Nbd4 Rf6 20.Qe3 Qxe3 21.Rxe3 Bd7 22.Nxc6 bxc6
23.Ne5 Be8 24.Rae1 c5 25.g3 c4 26.h3 h5 27.f4 Rb8 28.R1e2 Rb6 29.h4 Rf8 30.Kh2 Rh8
31.Kh3 Bf7 32.Rf2 Ra6 33.a3 Rb6 34.Ree2 Be8 35.Rd2 Rb7 36.Kg2 Rb6 37.Kf3 Kf6
38.Ke3 Ke7 39.Rfe2 Rb7 40.Kd4 Kd6 41.Re1 Rf8 42.Rde2 Rf6 43.Nf3 Bd7 44.Ne5 Be8
45.Ke3 Re7 46.Kd2 a5 47.Kc2 Ba4+ 48.Kd2 Be8 49.Rb1 a4 50.Ke3 Bc6 51.Kd4 Be8
52.Rbe1 Rf8 53.Nf3 Rf5 54.Ne5 Rf8 55.Ke3 Rf6 56.Rd2 Kc5 57.Kf3 Rf5 58.Rg1 Rh7
59.Rh2 Kd6 60.Ke3  1/2-1/2

[Event "Aegean Open"]
[Site "Agios Kirikos GRE"]
[Date "2006.07.18"]
[Round "8"]
[White "Margaritis,F"]
[Black "David,Ed"]
[Result "1/2-1/2"]
[WhiteElo "2154"]
[BlackElo "2192"]

1.e4 e6 2.d4 d5 3.Nd2 Be7 4.Bd3 c5 5.dxc5 Nf6 6.Qe2 O-O 7.Ngf3 a5 8.O-O Na6
9.e5 Nd7 10.c3 Naxc5 11.Bc2 b6 12.Re1 f6 13.exf6 Bxf6 14.Nb3 Ba6 15.Qd1 Kh8
16.Be3 Bc4 17.Bd4 Qc7 18.Bxc5 bxc5 19.Nbd2 Rab8 20.Nxc4 dxc4 21.Rb1 Rb6 22.Re4 Qb7
23.Rxc4 Rxb2 24.Qd3 g6 25.h4 Rxb1+ 26.Bxb1 Qb2 27.h5 Qc1+ 28.Qf1 Qxf1+ 29.Kxf1 gxh5  1/2-1/2

[Event "XI Open"]
[Site "Balaguer ESP"]
[Date "2006.07.18"]
[Round "2"]
[White "Rizouk,A"]
[Black "Trigo Conde,I"]
[Result "1-0"]
[WhiteElo "2447"]
[BlackElo "2280"]

1.e4 e6 2.d4 d5 3.Nd2 Be7 4.Ngf3 Nf6 5.Bd3 c5 6.c3 Nc6 7.O-O cxd4 8.cxd4 dxe4
9.Nxe4 O-O 10.Nc3 b6 11.a3 Bb7 12.Bc2 Qd6 13.Re1 Rfd8 14.Be3 Rac8 15.Qd3 g6
16.Rad1 Na5 17.Ne5 Bd5 18.Bf4 Bc4 19.Qh3 Nh5 20.Nxg6 hxg6 21.Bxd6 Bxd6 22.Qf3 Kg7
23.g3 Rh8 24.d5 e5 25.Ne4  1-0

[Event "Inautomarket Open"]
[Site "Minsk BLR"]
[Date "2006.07.18"]
[Round "9"]
[White "Vovk,A"]
[Black "Lushenkov,M"]
[Result "1-0"]
[WhiteElo "2388"]
[BlackElo "2413"]

1.e4 e6 2.d4 d5 3.Nd2 Be7 4.Bd3 c5 5.dxc5 Nf6 6.Qe2 Nc6 7.Ngf3 O-O 8.O-O a5
9.c4 dxc4 10.Nxc4 Bxc5 11.e5 Nd7 12.Bxh7+ Kxh7 13.Ng5+ Kg6 14.Qe4+  1-0

[Event "6th Open"]
[Site "Saint Chely d'Aubrac FRA"]
[Date "2006.07.18"]
[Round "5"]
[White "Staub,L"]
[Black "Nass,E"]
[Result "1-0"]
[WhiteElo "2153"]
[BlackElo "2015"]

1.e4 e6 2.d4 d5 3.Nd2 Be7 4.Bd3 c5 5.dxc5 Bxc5 6.Ngf3 Nf6 7.exd5 Qxd5 8.O-O Nc6
9.Nb3 Be7 10.Qe2 O-O 11.Bg5 h6 12.Bh4 b6 13.Rad1 Qh5 14.Bxf6  1-0

[Event "3rd ACT"]
[Site "Amsterdam NED"]
[Date "2006.07.19"]
[Round "5"]
[White "Schaefer,Mark"]
[Black "Li Shilong"]
[Result "1-0"]
[WhiteElo "2354"]
[BlackElo "2540"]

1.e4 e6 2.d4 d5 3.Nd2 Be7 4.Bd3 c5 5.dxc5 Nf6 6.Ngf3 dxe4 7.Nxe4 Nxe4 8.Bxe4 Qxd1+
9.Kxd1 Bxc5 10.Ne5 Nd7 11.Nd3 Bd6 12.f4 e5 13.Re1 O-O 14.fxe5 Nxe5 15.Nxe5 Bxe5
16.c3 Bg4+ 17.Kc2 Rae8 18.Bd3 Bd7 19.g3 Ba4+ 20.b3 Bc6 21.Ba3 f6 22.Bxf8 Rxf8
23.Be4 Rc8 24.Bxc6 Rxc6 25.Re3 Kf7 26.Rd1 Ke6 27.Rd8 b5 28.b4 a6 29.Kb3 h5
30.a4 Rb6 31.c4 bxc4+ 32.Kxc4 Rc6+ 33.Kb3 Kf5 34.Rd1 Kg4 35.Re4+ Kh3 36.Rh4+ Kg2
37.Rd2+ Kf3 38.Rc4 Rb6 39.Rd3+ Ke2 40.Rd5 Re6 41.b5 axb5 42.axb5 g5 43.Rc6 Re7
44.b6 Kf3 45.Rb5 Rb7 46.Ka4 Kg2 47.Rc2+ Kh3 48.Ka5 Bd4 49.Ka6 Rb8 50.b7 Bg1
51.Rb1 Bd4 52.Rb3 Be5 53.Ka7 Re8 54.b8=Q Bxb8+ 55.Rxb8 Re7+ 56.Rb7 Re5 57.Rh7 h4
58.gxh4 gxh4 59.Rc3+  1-0

[Event "Canadian Open"]
[Site "Kitchener CAN"]
[Date "2006.07.21"]
[Round "7"]
[White "Davies,L"]
[Black "Lawson,E"]
[Result "1-0"]
[WhiteElo "2178"]
[BlackElo "2393"]

1.e4 e6 2.d4 d5 3.Nd2 Be7 4.c3 Nf6 5.e5 Nfd7 6.Bd3 c5 7.Ne2 Nc6 8.f4 cxd4
9.cxd4 h5 10.O-O g6 11.Nf3 a5 12.a3 Nb6 13.Qc2 Rg8 14.h3 Bd7 15.Bd2 Rc8 16.Qb1 a4
17.b3 axb3 18.Rc1 Ra8 19.Qxb3 Na5 20.Bxa5 Rxa5 21.Rab1 Rxa3 22.Qxb6 Rxd3
23.Qxb7 Ra3 24.Rc7 g5 25.Rbc1 gxf4 26.Kf1 Ra5 27.Rc8 Rb5 28.Rxd8+ Bxd8 29.Qa6 Rb2
30.Qa3 Rxe2 31.Kxe2 Rxg2+ 32.Kf1 Rg3 33.Kf2 Rxh3 34.Qa8 Rg3 35.Rg1 h4 36.Nxh4 Rxg1
37.Kxg1 Ke7 38.Qb8 Ba5 39.Nf3 Bc3 40.Kg2 f5 41.exf6+ Kxf6 42.Qf8+  1-0

[Event "Politiken Cup"]
[Site "Copenhagen DEN"]
[Date "2006.07.22"]
[Round "1"]
[White "Almer,J"]
[Black "Nielsen,LA"]
[Result "0-1"]
[WhiteElo "1900"]
[BlackElo "2247"]

1.e4 e6 2.d4 d5 3.Nd2 Nc6 4.Ngf3 Nf6 5.e5 Nd7 6.c3 f6 7.exf6 Qxf6 8.Bd3 e5
9.dxe5 Ndxe5 10.Bb5 Bg4 11.h3 Bxf3 12.Nxf3 Nxf3+ 13.Qxf3 Qxf3 14.gxf3 Bd6
15.Rg1 O-O 16.Bh6 Rae8+ 17.Kf1 Rf7 18.Rd1 Re6 19.Bg5 Ne5 20.f4 Nf3 21.Rg3 Nxg5
22.Rxg5 c6 23.Bd3 Bxf4 24.Rf5 Rxf5 25.Bxf5 Rf6 26.Bg4 g6 27.Re1 Kf7 28.Kg2 b6
29.Bf3 Rd6 30.Rd1 Kf6 31.Kf1 Be5 32.Ke2 Kf5 33.Bg4+ Kf4 34.Rd3 h5 35.Rf3+ Kg5
36.Bc8 a5 37.Rf7 a4 38.Rd7 a3 39.b3 Rf6 40.c4 dxc4 41.bxc4 Rf4 42.Rd3 Rxc4
43.Rxa3 Rc2+ 44.Ke3 Bd6 45.Ra4 Bc5+ 46.Kd3 Rxf2 47.Be6 Rf3+ 48.Kc2 Rf6 49.Bd7 Rd6
50.Bc8 Bd4 51.Ra7 Kh4 52.Rd7 Rxd7 53.Bxd7 c5 54.Kd3 g5 55.Ke2 Kg3 56.Be6 Be5
57.a4 c4 58.Bxc4 Kxh3 59.Kf1 Bd4  0-1

[Event "XLVIII TCh-POR"]
[Site "Evora POR"]
[Date "2006.07.22"]
[Round "1"]
[White "Korneev,O"]
[Black "Bartel,Mat"]
[Result "1-0"]
[WhiteElo "2638"]
[BlackElo "2561"]

1.e4 e6 2.d4 d5 3.Nd2 a6 4.Ngf3 Nf6 5.Bd3 c5 6.e5 Nfd7 7.c3 Nc6 8.O-O Be7
9.Re1 g5 10.dxc5 g4 11.Nd4 Ncxe5 12.N2b3 Nxd3 13.Qxd3 Qc7 14.Bh6 Rg8 15.g3 Nf6
16.Bf4 Qd7 17.Rad1 Qa4 18.Bd6 Bxd6 19.cxd6 Bd7 20.Nc5 Qc4 21.Qf5 Rg6 22.Nxd7 Nxd7
23.Nxe6 fxe6 24.Rxe6+ Kd8 25.Rde1  1-0

[Event "Czech Open A"]
[Site "Pardubice CZE"]
[Date "2006.07.22"]
[Round "2"]
[White "Shanava,K"]
[Black "Hoellmann,L"]
[Result "1-0"]
[WhiteElo "2490"]
[BlackElo "2245"]

1.e4 e6 2.d4 d5 3.Nd2 Be7 4.Bd3 c5 5.dxc5 Nf6 6.Qe2 O-O 7.Ngf3 a5 8.O-O Na6
9.e5 Nd7 10.Nd4 Ndxc5 11.f4 Nxd3 12.cxd3 Bd7 13.N2f3 Rc8 14.Be3 a4 15.g4 f6
16.Rae1 Nc7 17.Kh1 Nb5 18.exf6 Bxf6 19.Nxb5 Bxb5 20.g5 Be7 21.Bd4 Rc6 22.Ne5 Ra6
23.g6 Rf5 24.gxh7+ Kxh7 25.Qg4 Qe8 26.Rf3 Bf6 27.Rg1 Kg8 28.Rh3 Rd6 29.Nc6 Qf7
30.Ne5 Qe8 31.Bc5 Ra6 32.Ng6  1-0

[Event "Czech Open A"]
[Site "Pardubice CZE"]
[Date "2006.07.22"]
[Round "2"]
[White "Marciniak,A"]
[Black "Kubala,M"]
[Result "0-1"]
[WhiteElo "2215"]
[BlackElo "2405"]

1.e4 e6 2.d4 d5 3.Nd2 Be7 4.Ngf3 Nf6 5.e5 Nfd7 6.Bd3 c5 7.c3 Nc6 8.O-O cxd4
9.cxd4 Qb6 10.Re1 h6 11.Nb1 Nxd4 12.Nxd4 Qxd4 13.Nc3 a6 14.Be3 Qxe5 15.Bc5 Qg5
16.Bxe7 Qxe7 17.Nxd5 Qc5 18.Be4 exd5 19.Bxd5+ Kd8 20.Rc1 Qd6 21.Qf3 Re8 22.Red1 Qf6
23.Qg3 Re5 24.Bxf7 b5 25.Bd5 Ra7 26.Qc3 Nb6 27.Bb7+ Bd7 28.Qc7+ Ke7 29.Rc6 Rxb7  0-1

[Event "Czech Open A"]
[Site "Pardubice CZE"]
[Date "2006.07.23"]
[Round "3"]
[White "Ushenina,A"]
[Black "Arutinian,D"]
[Result "1/2-1/2"]
[WhiteElo "2410"]
[BlackElo "2552"]

1.e4 e6 2.d4 d5 3.Nd2 Nc6 4.Ngf3 Nf6 5.e5 Nd7 6.Bd3 Nb4 7.Be2 c5 8.c3 Nc6
9.O-O Be7 10.Re1 Qb6 11.Nb3 cxd4 12.cxd4 a5 13.a4 Nb4 14.Bg5 Qd8 15.Bxe7 Qxe7
16.Rc1 O-O 17.Bb5 Nb8 18.Qe2 b6 19.Nbd2 Bb7 20.Nf1 N8c6 21.Ng3 Qd8 22.Rc3 Ne7
23.Nh5 Ng6 24.Qd2 Qc7 25.g3 Rfc8 26.h4 Na2 27.Ra3 Nb4 28.Rc3 Na2 29.Ra3 Nb4
30.Rc3 Na2 31.Ra3 Nb4  1/2-1/2

[Event "XI Open"]
[Site "Balaguer ESP"]
[Date "2006.07.24"]
[Round "8"]
[White "Zambrana,O"]
[Black "Arribas,M"]
[Result "1/2-1/2"]
[WhiteElo "2429"]
[BlackElo "2283"]

1.e4 e6 2.d4 d5 3.Nd2 Be7 4.Bd3 dxe4 5.Nxe4 Nf6 6.Nf3 Nbd7 7.O-O Nxe4 8.Bxe4 c5
9.c4 Nf6 10.Bc2 O-O 11.Bg5 cxd4 12.Qd3 g6 13.Rfd1 Qd6 14.Nxd4 Ng4 15.Bxe7 Qxe7
16.Nf3 e5 17.Qe2 f6 18.Be4 Be6 19.Bd5 Rad8 20.h3 Bxd5 21.Rxd5 Rxd5 22.cxd5 Nh6
23.Qe3 Nf5 24.Qxa7 Qb4 25.b3 e4 26.Nh2 Qd2 27.Ng4 Qxd5 28.Qb6 Kg7 29.Rc1 Rf7
30.a4 h5 31.Ne3 Nxe3 32.Qxe3 f5 33.h4 Qe5 34.Rc5 Qa1+ 35.Kh2 Rd7 36.Qf4 Qf6
37.Rc7 Qe7 38.Rxd7 Qxd7 39.Qe5+ Kf7 40.a5 Qd8 41.g3 Qe7 42.Qd5+ Kf6 43.Qd4+ Ke6
44.Qb6+ Kf7 45.b4 f4 46.Qc5 fxg3+ 47.Kxg3 Qe6 48.Qc7+ Kf6 49.Qf4+ Kg7 50.Kh2 Qe7
51.b5 Qc5 52.b6 Qxa5 53.Qc7+ Kh6 54.Qxb7 Qf5 55.Qc7 Qxf2+ 56.Kh3 Qf1+ 57.Kh2 Qf2+
58.Kh3 Qf1+ 59.Kh2 Qf2+  1/2-1/2

[Event "Summer Cup"]
[Site "Litohoro GRE"]
[Date "2006.07.24"]
[Round "3"]
[White "Tzermiadianos,And"]
[Black "Sigalas,F"]
[Result "1-0"]
[WhiteElo "2462"]
[BlackElo "2199"]

1.e4 e6 2.d4 d5 3.Nd2 Be7 4.Bd3 c5 5.dxc5 Nf6 6.Qe2 O-O 7.Ngf3 Nfd7 8.Nb3 a5
9.e5 a4 10.Nbd4 Nxc5 11.O-O Nc6 12.c3 Nxd3 13.Qxd3 Nxd4 14.Nxd4 Qc7 15.Re1 b6
16.Qg3 Kh8 17.Bf4 Ba6 18.Rad1 Rg8 19.Bg5 Bxg5 20.Qxg5 a3 21.b4 h6 22.Re3 Rgc8
23.Qf4 Bc4 24.Rd2 Qe7 25.Rg3 Ra7 26.Qg4 Qf8 27.f4 g6 28.Rh3 Rac7 29.Rf2 Ba6
30.b5 Rxc3 31.Rxc3 Rxc3 32.bxa6 Rd3 33.Nb3 Qb4 34.Qe2  1-0

[Event "Czech Open A"]
[Site "Pardubice CZE"]
[Date "2006.07.24"]
[Round "4"]
[White "Andreev,Ed"]
[Black "Stupak,K"]
[Result "1/2-1/2"]
[WhiteElo "2480"]
[BlackElo "2346"]

1.e4 e6 2.d4 d5 3.Nd2 Nc6 4.Ngf3 Nf6 5.e5 Nd7 6.Be2 f6 7.exf6 Qxf6 8.Nf1 Bd6
9.Ne3 Ne7 10.O-O Ng6 11.c4 c6 12.Bd3 Nh4 13.Nxh4 Qxh4 14.g3 Qf6 15.cxd5 cxd5
16.Ng4 Qf7 17.f4 O-O 18.Bd2 Nf6 19.Ne5 Qc7 20.Qe2 Qb6 21.Bc3 Qd8 22.Rae1 a6
23.Nf3 g6 24.Ng5 Re8 25.Qc2 Kg7 26.Re2 Re7 27.Rfe1 Qe8 28.Qd2 Bd7 29.Bb4 Bxb4
30.Qxb4 h6 31.Nf3 Bb5 32.Ne5 Bxd3 33.Nxd3 Ne4 34.Rc1 Kf6 35.Ne5 h5 36.Rec2 Qb5
37.Qa3 Rae8 38.Qe3 Kg7 39.b3 Qb6 40.Nd3 Qd6 41.Nc5 Nf6 42.h3 Kf7 43.Nd3 Kg7
44.Kg2 Ne4 45.Nc5 Nf6 46.a4 Kf7 47.a5 Kg7 48.Qe5 Rd8 49.Qxd6 Rxd6 50.Nd3 Ne4
51.Ne5 Rd8 52.g4 Nd6 53.Rc7 Re8 54.Rxe7+  1/2-1/2

[Event "North Urals Cup"]
[Site "Krasnoturyinsk RUS"]
[Date "2006.07.26"]
[Round "4"]
[White "Mkrtchian,L"]
[Black "Matveeva,S"]
[Result "1/2-1/2"]
[WhiteElo "2459"]
[BlackElo "2454"]

1.e4 e6 2.d4 d5 3.Nd2 a6 4.Ngf3 c5 5.exd5 exd5 6.Be2 Nf6 7.O-O Be7 8.dxc5 Bxc5
9.Nb3 Bb6 10.Qd3 O-O 11.Be3 Bxe3 12.Qxe3 Re8 13.Qd3 Nc6 14.Rfe1 Qb6 15.c3 Bg4
16.Nfd4 Ne5 17.Qc2 Bd7 18.Nd2 Re7 19.Bf1 Rae8 20.N2f3 Nc4 21.Rxe7 Rxe7 22.b3 Nd6
23.Re1 Rxe1 24.Nxe1 Nfe4 25.f3 Nf6 26.Qd2 h6 27.Nc2 a5 28.Ne3 Qc5 29.Ndc2 Bb5
30.Qd4 Qc6 31.Na3 Bxf1 32.Kxf1 Nde8 33.Nac2 Nc7 34.Nf5 Qe6 35.Nce3 b6 36.a4 h5
37.Qf4 Nce8 38.Kf2 g6 39.Nd4 Qc8 40.Ne2 Qc5 41.Qe5 Qa3 42.g4 hxg4 43.Nxg4 Kg7
44.Nd4 Qc1 45.Nb5 Qd2+ 46.Kg3 Qd1 47.Nd6 Kf8 48.Nxf6 Qg1+ 49.Kh3 Qf1+ 50.Kg3 Qg1+
51.Kh3 Qf1+ 52.Kg3 Qg1+ 53.Kh3  1/2-1/2

[Event "Politiken Cup"]
[Site "Copenhagen DEN"]
[Date "2006.07.28"]
[Round "7"]
[White "Zozulia,A"]
[Black "Dalberg,P"]
[Result "1-0"]
[WhiteElo "2352"]
[BlackElo "2190"]

1.e4 e6 2.d4 d5 3.Nd2 a6 4.Bd3 c5 5.dxc5 Bxc5 6.Ngf3 Nc6 7.O-O Nge7 8.c3 O-O
9.Qc2 h6 10.Re1 Bd7 11.Nb3 Ba7 12.Bf4 Bb8 13.Bxb8 Qxb8 14.Rad1 Qa7 15.Qe2 a5
16.Bb1 Rad8 17.Qc2 f5 18.exf5 exf5 19.Ne5 Be8 20.Nd4 Nxd4 21.Rxd4 Nc6 22.Rf4 g6
23.Rh4 Kg7 24.Qd2 g5 25.Rh3 Rf6 26.Rxh6 Kxh6 27.h4 f4 28.Ng4+ Kg7 29.Nxf6 Kxf6
30.Qd3 Ne7 31.hxg5+ Kxg5 32.Rxe7 Qb6 33.Qf5+  1-0

[Event "Dutch Open"]
[Site "Dieren NED"]
[Date "2006.07.29"]
[Round "5"]
[White "Punt,R"]
[Black "Nederlof,J"]
[Result "1/2-1/2"]
[WhiteElo "2108"]
[BlackElo "1941"]

1.e4 e6 2.d4 d5 3.Nd2 Nc6 4.Ngf3 Nf6 5.e5 Nd7 6.c3 f6 7.exf6 Qxf6 8.Nb3 Bd6
9.Bg5 Qf7 10.Bd3 e5 11.dxe5 Ndxe5 12.Be2 O-O 13.Bh4 h6 14.O-O Bf5 15.Nfd4 Nxd4
16.Nxd4 Be4 17.Bg3 a6 18.f3 Bg6 19.f4 Nc6 20.Nxc6 bxc6 21.Qa4 Qd7 22.Rad1 Rab8
23.b4 Be4 24.Rd2 a5 25.bxa5 Bc5+ 26.Kh1 Be3 27.Rdd1 Qf5 28.Qxc6 d4 29.Qc4+ Bd5
30.Qa4 Rb2 31.Bf3 Rxa2 32.Qb4 Bxf3 33.Rxf3 Qc2 34.Qc4+ Kh8 35.Qf1 c5 36.cxd4 cxd4
37.f5 Rxa5 38.f6 g6 39.f7 Rf5 40.Rxf5 Qxf5 41.Qxf5 gxf5  1/2-1/2

[Event "15th Open A"]
[Site "Vienna AUT"]
[Date "2006.07.30"]
[Round "2"]
[White "Kopinits,A"]
[Black "Knaak,M"]
[Result "1-0"]
[WhiteElo "2096"]
[BlackElo "1981"]

1.e4 e6 2.d4 d5 3.Nd2 Nc6 4.Ngf3 Nf6 5.e5 Nd7 6.c3 f6 7.exf6 Qxf6 8.Be2 Bd6
9.Nf1 O-O 10.Ng3 e5 11.dxe5 Ndxe5 12.Qxd5+ Be6 13.Qd2 Nxf3+ 14.Bxf3 Rad8
15.Qg5 Qf7 16.O-O h6 17.Qh5 Qd7 18.Re1 Ne7 19.Ne4 Rf5 20.Qh3 Rxf3 21.Qxf3 Bd5
22.Qe2 Nf5 23.Nxd6 cxd6 24.Bf4 Qc6 25.f3 Rf8 26.Bg3 Nxg3 27.hxg3 Bxf3 28.gxf3 Rxf3
29.Qe8+  1-0

[Event "15th Open A"]
[Site "Vienna AUT"]
[Date "2006.08.01"]
[Round "4"]
[White "Kopinits,A"]
[Black "Lenz,A"]
[Result "1/2-1/2"]
[WhiteElo "2096"]
[BlackElo "2196"]

1.e4 e6 2.d4 d5 3.Nd2 Be7 4.c3 c5 5.exd5 exd5 6.Ngf3 Nf6 7.dxc5 Bxc5 8.Bb5+ Nc6
9.O-O O-O 10.h3 a6 11.Bd3 Qd6 12.Nb3 Ba7 13.Re1 Bxh3 14.Be3 Bxe3 15.Rxe3 Bg4
16.Bc2 Rae8 17.Qd2 Rxe3 18.Qxe3 Re8 19.Qd3 Bxf3 20.Qxf3 Ne5 21.Qg3 Nc4 22.Qxd6 Nxd6
23.Nd4 Kf8 24.Bd3 Nfe4 25.Rc1 g6 26.Be2 Kg7 27.Bf3 f5 28.Nc2 Nc4 29.Rd1 Nf6
30.b3 Nb6 31.Nb4 Re5 32.Nd3 Re7 33.a4 a5 34.Nf4 Re5 35.Nd3 Re7 36.Nf4 Re5
37.Nd3  1/2-1/2

[Event "Proclient Cup"]
[Site "Olomouc CZE"]
[Date "2006.08.04"]
[Round "3"]
[White "Krupa,M"]
[Black "Lubbe,N"]
[Result "1/2-1/2"]
[WhiteElo "2251"]
[BlackElo "2272"]

1.d4 e6 2.e4 d5 3.Nd2 Be7 4.Bd3 c5 5.dxc5 Nf6 6.Qe2 O-O 7.Ngf3 Nc6 8.Nb3 dxe4
9.Bxe4 Nxe4 10.Qxe4 e5 11.h4 Be6 12.Ng5 f5 13.Nxe6 fxe4 14.Nxd8 Raxd8 15.c3 Rd5
16.Be3 Nd8 17.c4 Rd7 18.Nd2 Ne6 19.Nxe4 Rc8 20.Ke2 Nd4+ 21.Bxd4 Rxd4 22.f3 Rxc4
23.Rac1 Rxc1 24.Rxc1 Bxh4 25.Nd6 Rc7 26.Nb5 Rc6 27.Nxa7 Ra6 28.Nc8 Rxa2 29.Rc2 Ra4
30.Kd3 Rd4+ 31.Kc3 Be1+ 32.Kb3 Rb4+ 33.Ka3 Rb5 34.Rc4 Ra5+ 35.Kb3 Bf2 36.Kb4 Be1+
37.Kb3 Bf2 38.Nd6 Bxc5 39.Nxb7 Rb5+ 40.Kc2 Be7 41.Rc7 Kf8 42.b3 Ke8 43.Kc3 h5
44.Kc4 Rb4+ 45.Kc3 Rb5 46.Kc4 Rb4+ 47.Kd5 Rxb3 48.Kxe5 Rb5+ 49.Ke6 Rb6+ 50.Kf5 Rb5+
51.Kf4 Rb4+ 52.Kg3 Rb5 53.Kf4  1/2-1/2

[Event "15th Open A"]
[Site "Vienna AUT"]
[Date "2006.08.04"]
[Round "7"]
[White "Schmid,T1"]
[Black "Webersberger,J"]
[Result "1-0"]
[WhiteElo "2117"]
[BlackElo "2264"]

1.e4 e6 2.d4 d5 3.Nd2 a6 4.Ngf3 c5 5.exd5 exd5 6.Be2 Nf6 7.O-O Be7 8.dxc5 Bxc5
9.Nb3 Ba7 10.Bg5 O-O 11.c3 Be6 12.Nfd4 h6 13.Bh4 Nbd7 14.Re1 Qb6 15.a4 Rae8
16.a5 Qc7 17.Bg3 Qd8 18.Bd6 Ne4 19.Bxf8 Nxf8 20.Bd3 f5 21.f3 Qh4 22.fxe4 dxe4
23.Bf1 Bd5 24.c4 Ne6 25.g3 Qf6 26.cxd5 Nxd4 27.Nxd4 Bxd4+ 28.Kh1 Bxb2 29.Rb1 Bc3
30.Re2 Rd8 31.Qb3 Bxa5 32.Qxb7 f4 33.gxf4 Qxf4 34.Rg2 Bc3 35.Bxa6 Rd6 36.Rf1 Qe5
37.Qc8+ Kh7 38.Rf8 g5 39.Qb7+  1-0

[Event "93rd ch-GBR"]
[Site "Swansea WLS"]
[Date "2006.08.07"]
[Round "1"]
[White "Roberts,DL"]
[Black "Rendle,T"]
[Result "1/2-1/2"]
[WhiteElo "2126"]
[BlackElo "2390"]

1.e4 e6 2.d4 d5 3.Nd2 a6 4.Bd3 c5 5.dxc5 Nf6 6.Qe2 Nc6 7.c3 Bxc5 8.Ngf3 Qc7
9.O-O Ba7 10.exd5 Nxd5 11.Qe4 Nf4 12.Nc4 Nxd3 13.Qxd3 O-O 14.Ng5 f5 15.Re1 Rd8
16.Qe2 e5 17.Bf4 h6 18.Nxe5 hxg5 19.Qc4+ Kh7 20.Bxg5 Re8 21.Qh4+ Kg8 22.Ng6 Re6  1/2-1/2

[Event "17th Jozef Kochan Mem"]
[Site "Koszalin POL"]
[Date "2006.08.08"]
[Round "5"]
[White "Gunajew,R"]
[Black "Strzemiecki,Z"]
[Result "0-1"]
[WhiteElo "2266"]
[BlackElo "2366"]

1.e4 e6 2.d4 d5 3.Nd2 Be7 4.e5 c5 5.c3 Nc6 6.Qg4 g5 7.Bb5 h5 8.Qg3 Nh6 9.dxc5 Qc7
10.Qe3 Ng4 11.Qe2 Qxe5 12.Ngf3 Qxe2+ 13.Kxe2 f6 14.b4 Bd7 15.h4 gxh4 16.Nxh4 Kf7
17.f4 a5 18.Nb3 Nce5 19.a4 Bxb5+ 20.axb5 axb4 21.Rxa8 Rxa8 22.fxe5 Ra2+ 23.Kf3 Nxe5+
24.Kg3 Rc2 25.Nf3 Rxc3 26.Nd4 Nxf3 27.Nxf3 Bxc5 28.Bd2 Bd6+ 29.Kf2 Rc4 30.Rxh5 b3
31.Rh7+ Ke8 32.Rh1 b2 33.Rb1 Ba3 34.Bh6 Rc1 35.Nd2 e5 36.g4 Kf7 37.Kf3 d4
38.Ke4 Ke6 39.g5 f5+ 40.Kd3 Kf7 41.b6 Kg6 42.Bf8 Bxf8 43.Rxb2 Rc3+ 44.Ke2 e4
45.Rb5 d3+ 46.Ke3 Bc5+ 47.Kf4 e3 48.Nf3 d2 49.Ne5+ Kg7  0-1